000
00293nam a22001337a 4500
020
_a
81-7797-018-6
082
_a
001
_b
KUM/Q
100
_a
KUMAR, MOHANA S
245
_a
QUIZ LAND
_b
3500 QUIZ
260
_a
TRIVANDRUM
_b
SISO BOOKS
_c
2004
300
_a
543
650
_a
QUIZ
_z
KERALA
942
_c
BK
999
_c
2175
_d
2175